000 00836nam a22002177a 4500
005 20240530110919.0
008 220221s2008 ua a g b 000 0 ara d
020 _a9789770922686
040 _aEG-CaGPL
_cEG-CaGPL
082 0 4 _221
_a332 /
_bم ب
100 0 _aمحمد يونس
245 1 0 _aبنك الفقراء :
_bالقروض المتناهية الصغر والمعركة ضد الفقر فى العالم /
_cمحمد يونس ؛ ترجمة وتقديم عالية عبدالجميد عارف
250 _aط.2
260 _aالقاهرة :
_bمكتبة الشروق الدولية،
_c2008
300 _a298 ص؛
_c24 سم
650 0 7 _aالقروض
_2qrmak
651 _2qrmak
700 0 _aعالية عبدالجميد عارف
_eمترجم
942 _2ddc
_cBK
999 _c66450
_d66450